000 00396nam a2200169Ia 4500
003 OSt
005 20240223112300.0
008 170619s9999 xx 000 0 und d
020 _a9789812403674
040 _cIIMT ENGINEERING COLLEGE
100 _aShuman James E
245 0 _aMultimedia in Action
260 _bNew York: Thomson
260 _c2003
546 _aENGLISH
942 _2ddc
_c01
999 _c17537
_d17537